[Event "Tradewise Gibraltar Masters 14th"]
[Site "Gibraltar"]
[Date "2016.01.29"]
[Round "4.53"]
[White "Sutovsky, Emil"]
[Black "Paehtz, Thomas"]
[Result "1/2-1/2"]
[WhiteElo "2647"]
[BlackElo "2372"]
[PlyCount "94"]
[EventDate "2016.01.26"]
[EventType "swiss"]
[EventRounds "10"]
[EventCountry "GGB"]
[Source "www.saund.co.uk"]
[SourceDate "2005.02.07"]

1. e4 g6 2. d4 Bg7 3. Nc3 d6 4. Be3 Nf6 5. Qd2 c6 6. Bh6 Bxh6 7. Qxh6 e5 8.
O-O-O Nbd7 9. Be2 b5 10. dxe5 dxe5 11. Nh3 b4 12. Na4 Qe7 13. Bc4 Nb6 14. Bb3
Bxh3 15. Qxh3 O-O 16. Qe3 Nxa4 17. Bxa4 c5 18. h4 Rad8 19. f3 Nh5 20. Bb3 Kg7
21. Bd5 h6 22. Rd2 Rd7 23. c4 Rc7 24. Qf2 a5 25. g3 a4 26. f4 f5 27. exf5 Rxf5
28. Re1 Qf6 29. Be4 exf4 30. g4 Re5 31. gxh5 Rce7 32. Rg1 g5 33. hxg5 hxg5 34.
h6+ Kh8 35. Bf3 a3 36. Rgd1 Re8 37. Rd6 R5e6 38. Rxe6 Rxe6 39. Bg4 Re4 40. Kb1
f3 41. Bxf3 Rf4 42. Rd3 g4 43. Qd2 gxf3 44. Rd8+ Kh7 45. Rd7+ Kh8 46. Rd8+ Kh7
47. Rd7+ Kh8 1/2-1/2

[Event "Tradewise Gibraltar Masters 14th"]
[Site "Gibraltar"]
[Date "2016.01.29"]
[Round "4.54"]
[White "Fodor, Tamas Jr"]
[Black "Mihajlov, Sebastian"]
[Result "1/2-1/2"]
[WhiteElo "2500"]
[BlackElo "2335"]
[PlyCount "101"]
[EventDate "2016.01.26"]
[EventType "swiss"]
[EventRounds "10"]
[EventCountry "GGB"]
[Source "www.saund.co.uk"]
[SourceDate "2005.02.07"]

1. d4 Nf6 2. c4 e6 3. Nc3 Bb4 4. Nf3 O-O 5. g3 d5 6. Bg2 c5 7. cxd5 cxd4 8.
Nxd4 Nxd5 9. Bd2 Nxc3 10. bxc3 Bc5 11. Nb3 Bb6 12. c4 Nc6 13. O-O e5 14. a4 a5
15. Bc3 Be6 16. Bd5 Bh3 17. Re1 Qf6 18. e3 Rfd8 19. Nd2 Be6 20. Qb3 Bxd5 21.
cxd5 Ne7 22. Nc4 Nxd5 23. Bxe5 Qc6 24. Rac1 Bc5 25. Nd6 Qb6 26. Qxb6 Bxb6 27.
Nxb7 Re8 28. Bf4 Re4 29. Rc6 Nxf4 30. gxf4 Rb4 31. Rec1 g6 32. Nd6 Kg7 33. R1c4
Bd8 34. Rc8 Rxc8 35. Rxc8 Be7 36. Ne8+ Kh6 37. Rc7 Re4 38. Ra7 f5 39. Kg2 Bh4
40. Nd6 Rxa4 41. Nf7+ Kg7 42. f3 Ra2+ 43. Kh3 Bf2 44. Ng5+ Kg8 45. Ra8+ Kg7 46.
e4 Bg1 47. Rd8 Rxh2+ 48. Kg3 h5 49. Rd7+ Kg8 50. Rd8+ Kg7 51. Rd7+ 1/2-1/2

[Event "Tradewise Gibraltar Masters 14th"]
[Site "Gibraltar"]
[Date "2016.01.29"]
[Round "4.55"]
[White "Lazarne Vajda, Szidonia"]
[Black "Zhukova, Natalia"]
[Result "0-1"]
[WhiteElo "2359"]
[BlackElo "2484"]
[PlyCount "128"]
[EventDate "2016.01.26"]
[EventType "swiss"]
[EventRounds "10"]
[EventCountry "GGB"]
[Source "www.saund.co.uk"]
[SourceDate "2005.02.07"]

1. e4 e5 2. Nf3 Nc6 3. Nc3 Nf6 4. d4 exd4 5. Nxd4 Bb4 6. Nxc6 bxc6 7. Bd3 O-O
8. O-O Re8 9. h3 Bxc3 10. bxc3 Nxe4 11. Qf3 d5 12. c4 Qf6 13. Qxf6 Nxf6 14. Bb2
Be6 15. Bxf6 gxf6 16. cxd5 cxd5 17. Rfb1 Rab8 18. a4 c5 19. c3 Bd7 20. Bb5 Bf5
21. Rd1 Red8 22. Rd2 c4 23. Rd4 Be6 24. f4 f5 25. Rad1 Rdc8 26. g4 fxg4 27. f5
Bxf5 28. Rxd5 Be6 29. R5d4 gxh3 30. Kh2 Rc5 31. R1d2 Rb6 32. Bd7 Bxd7 33. Rxd7
Rf5 34. Rxa7 Rb3 35. Rc2 Rf3 36. Rc7 Rfxc3 37. Rxc4 Rxc2+ 38. Rxc2 Ra3 39. Rc8+
Kg7 40. Ra8 Kg6 41. a5 h5 42. a6 Kg5 43. Rf8 f6 44. a7 Rxa7 45. Kxh3 Ra3+ 46.
Kg2 h4 47. Rg8+ Kf4 48. Rh8 h3+ 49. Kh2 f5 50. Rh4+ Ke5 51. Rh8 f4 52. Re8+ Kf5
53. Rg8 Re3 54. Rg7 Ke4 55. Ra7 Kd3 56. Ra4 f3 57. Kxh3 Ke2 58. Ra1 Re8 59.
Ra2+ Ke3 60. Kh2 f2 61. Ra3+ Ke2 62. Ra2+ Kf3 63. Ra3+ Re3 64. Ra1 Re1 0-1

[Event "Tradewise Gibraltar Masters 14th"]
[Site "Gibraltar"]
[Date "2016.01.29"]
[Round "4.56"]
[White "Nakar, Eylon"]
[Black "Foisor, Cristina Adela"]
[Result "1-0"]
[WhiteElo "2479"]
[BlackElo "2338"]
[PlyCount "79"]
[EventDate "2016.01.26"]
[EventType "swiss"]
[EventRounds "10"]
[EventCountry "GGB"]
[Source "www.saund.co.uk"]
[SourceDate "2005.02.07"]

1. e4 e5 2. Nf3 Nc6 3. Bb5 a6 4. Ba4 Nf6 5. O-O Be7 6. Re1 b5 7. Bb3 d6 8. c3
O-O 9. d4 Bg4 10. Be3 exd4 11. cxd4 d5 12. e5 Ne4 13. h3 Bh5 14. Nbd2 Nxd2 15.
Qxd2 Bxf3 16. Qc3 Bb4 17. Qxc6 Bxe1 18. Rxe1 Be4 19. f3 Bf5 20. Bxd5 Rb8 21.
Rc1 Bd7 22. Qc5 c6 23. Be4 Re8 24. Qc2 g6 25. Qd2 f6 26. Bf4 Rc8 27. Rc5 Qe7
28. exf6 Qxf6 29. Rg5 Rxe4 30. fxe4 Rf8 31. Be5 Qf1+ 32. Kh2 Qf7 33. Rg3 Qe6
34. Qg5 Rf7 35. h4 Qe7 36. Qh6 Rf1 37. Rxg6+ hxg6 38. Qxg6+ Kf8 39. Bd6 Be6 40.
Qxe6 1-0

[Event "Tradewise Gibraltar Masters 14th"]
[Site "Gibraltar"]
[Date "2016.01.29"]
[Round "4.57"]
[White "De Haan, Eric"]
[Black "Lei, Tingjie"]
[Result "1-0"]
[WhiteElo "2313"]
[BlackElo "2474"]
[PlyCount "63"]
[EventDate "2016.01.26"]
[EventType "swiss"]
[EventRounds "10"]
[EventCountry "GGB"]
[Source "www.saund.co.uk"]
[SourceDate "2005.02.07"]

1. d4 Nf6 2. c4 g6 3. f3 d5 4. cxd5 Nxd5 5. e4 Nb6 6. Nc3 Bg7 7. Be3 Nc6 8. d5
Ne5 9. f4 Ng4 10. Bb5+ Bd7 11. Bd4 Bxd4 12. Qxd4 O-O 13. Bxd7 Qxd7 14. Nf3 c6
15. h3 Nf6 16. dxc6 Qc7 17. O-O Rad8 18. Qe5 Qxc6 19. Qxe7 Rfe8 20. Qb4 Nxe4
21. Ne5 Qc5+ 22. Qxc5 Nxc5 23. Rad1 f6 24. Ng4 Kg7 25. Rxd8 Rxd8 26. Rd1 Rxd1+
27. Nxd1 Nd3 28. g3 Nd5 29. Ngf2 Nc1 30. a3 f5 31. Kf1 Ne3+ 32. Nxe3 1-0

[Event "Tradewise Gibraltar Masters 14th"]
[Site "Gibraltar"]
[Date "2016.01.29"]
[Round "4.58"]
[White "Xu, Xiangyu"]
[Black "Ripari, Marcelo"]
[Result "1/2-1/2"]
[WhiteElo "2466"]
[BlackElo "2310"]
[PlyCount "91"]
[EventDate "2016.01.26"]
[EventType "swiss"]
[EventRounds "10"]
[EventCountry "GGB"]
[Source "www.saund.co.uk"]
[SourceDate "2005.02.07"]

1. e4 c5 2. Nf3 Nc6 3. d4 cxd4 4. Nxd4 e5 5. Nb5 a6 6. Nd6+ Bxd6 7. Qxd6 Qe7 8.
Qxe7+ Ngxe7 9. c4 Nd4 10. Kd1 d6 11. Nc3 Be6 12. Be3 Nec6 13. Kd2 f5 14. f3 f4
15. Bf2 Kf7 16. Bd3 g5 17. Ne2 Nxe2 18. Bxe2 h5 19. Rhd1 Rac8 20. b3 Nb8 21.
Kc3 Ke7 22. Kb4 Nd7 23. Rd2 Rc6 24. Rad1 b6 25. g3 Rf8 26. Rg1 g4 27. gxf4 exf4
28. Bh4+ Ke8 29. Rgd1 Ne5 30. Rxd6 gxf3 31. Bf1 Kf7 32. Rxc6 Nxc6+ 33. Kc3 Ne5
34. h3 Rc8 35. Bf2 b5 36. c5 Nc6 37. a3 Rd8 38. Rxd8 Nxd8 39. Bh4 Nc6 40. Bg5
Kg6 41. Bxf4 h4 42. Be3 Kf6 43. Bf2 Kg5 44. Be3+ Kf6 45. Bf2 Kg5 46. Be3+
1/2-1/2

[Event "Tradewise Gibraltar Masters 14th"]
[Site "Gibraltar"]
[Date "2016.01.29"]
[Round "4.59"]
[White "Sanchez Jerez, Emilio Miguel"]
[Black "Kashlinskaya, Alina"]
[Result "1/2-1/2"]
[WhiteElo "2265"]
[BlackElo "2462"]
[PlyCount "91"]
[EventDate "2016.01.26"]
[EventType "swiss"]
[EventRounds "10"]
[EventCountry "GGB"]
[Source "www.saund.co.uk"]
[SourceDate "2005.02.07"]

1. e4 e6 2. d4 d5 3. Nd2 c5 4. Ngf3 cxd4 5. Nxd4 Nc6 6. Bb5 Bd7 7. Nxc6 bxc6 8.
Bd3 Bd6 9. Qe2 e5 10. exd5 cxd5 11. c4 Nf6 12. cxd5 Nxd5 13. Nc4 Bb4+ 14. Bd2
O-O 15. Bxh7+ Kxh7 16. Qe4+ Kg8 17. Qxd5 Qe7 18. b3 Bc5 19. O-O Bd4 20. Rac1
Be6 21. Qa5 Rfd8 22. Be3 Bd5 23. Rfd1 Qh4 24. Bxd4 exd4 25. Qc7 Rac8 26. Qg3
Qh6 27. h4 Rc6 28. Qg5 Qxg5 29. hxg5 Bxc4 30. Rxc4 Rxc4 31. bxc4 d3 32. f3 Rd4
33. c5 Kf8 34. Kf2 d2 35. c6 Rc4 36. Rxd2 Rxc6 37. Kg3 Rc4 38. Re2 Ra4 39. f4
Ra3+ 40. Kg4 g6 41. Kh4 a5 42. g3 Kg7 43. Kh3 Kf8 44. Kg2 Kg7 45. g4 Rc3 46.
Kf2 1/2-1/2

[Event "Tradewise Gibraltar Masters 14th"]
[Site "Gibraltar"]
[Date "2016.01.29"]
[Round "4.60"]
[White "Carlstedt, Jonathan"]
[Black "Papp, Petra"]
[Result "1/2-1/2"]
[WhiteElo "2461"]
[BlackElo "2308"]
[PlyCount "64"]
[EventDate "2016.01.26"]
[EventType "swiss"]
[EventRounds "10"]
[EventCountry "GGB"]
[Source "www.saund.co.uk"]
[SourceDate "2005.02.07"]

1. c4 g6 2. g3 Bg7 3. Bg2 e5 4. Nc3 d6 5. d3 f5 6. h4 Nf6 7. Nd5 c6 8. Nxf6+
Qxf6 9. h5 g5 10. e4 h6 11. exf5 Bxf5 12. Be3 O-O 13. Qd2 Nd7 14. Ne2 Nc5 15.
Bxc5 dxc5 16. Nc3 Bxd3 17. Ne4 Bxe4 18. Bxe4 Rad8 19. Qe2 Rd4 20. O-O Rfd8 21.
Rad1 Qd6 22. Bc2 e4 23. Rxd4 cxd4 24. c5 Qe5 25. Bxe4 d3 26. Bxd3 Qxe2 27. Bxe2
Bxb2 28. Bc4+ Kg7 29. Re1 Bf6 30. Bb3 Rd2 31. Re8 Rd8 32. Re2 Rd7 1/2-1/2

[Event "Tradewise Gibraltar Masters 14th"]
[Site "Gibraltar"]
[Date "2016.01.29"]
[Round "4.61"]
[White "Galyas, Miklos"]
[Black "Goriatchkin, Jouri"]
[Result "1-0"]
[WhiteElo "2459"]
[BlackElo "2300"]
[PlyCount "89"]
[EventDate "2016.01.26"]
[EventType "swiss"]
[EventRounds "10"]
[EventCountry "GGB"]
[Source "www.saund.co.uk"]
[SourceDate "2005.02.07"]

1. Nf3 Nf6 2. c4 e6 3. g3 b6 4. Bg2 Bb7 5. O-O c5 6. b3 Be7 7. Bb2 O-O 8. Nc3
d5 9. e3 Nc6 10. cxd5 Nxd5 11. Nxd5 Qxd5 12. d4 Qd8 13. Ne5 Nxe5 14. Bxb7 Rb8
15. Bg2 cxd4 16. Bxd4 Bf6 17. Qe2 Qe7 18. Rac1 Rfc8 19. Qa6 Rxc1 20. Rxc1 h5
21. Rc8+ Rxc8 22. Qxc8+ Kh7 23. h3 Ng6 24. Qc4 Bxd4 25. Qxd4 Qa3 26. Qd1 Kh6
27. Qf3 Qxa2 28. Qxf7 Qb1+ 29. Bf1 Qxb3 30. Qxa7 Ne5 31. Qa8 Qd5 32. Qh8+ Kg6
33. Qe8+ Kf6 34. Qf8+ Nf7 35. Qb4 Qc5 36. Qb2+ e5 37. h4 Nd6 38. Qa2 b5 39. Qg8
Nf7 40. Qh7 g6 41. Bd3 Qc1+ 42. Kh2 e4 43. Bxe4 Ne5 44. Qh8+ Ke6 45. Qe8+ 1-0

[Event "Tradewise Gibraltar Masters 14th"]
[Site "Gibraltar"]
[Date "2016.01.29"]
[Round "4.62"]
[White "Gavilan Diaz, Mario"]
[Black "Salomon, Johan"]
[Result "1/2-1/2"]
[WhiteElo "2261"]
[BlackElo "2444"]
[PlyCount "113"]
[EventDate "2016.01.26"]
[EventType "swiss"]
[EventRounds "10"]
[EventCountry "GGB"]
[Source "www.saund.co.uk"]
[SourceDate "2005.02.07"]

1. e4 e6 2. d4 d5 3. Bd3 c5 4. exd5 exd5 5. Nf3 Nf6 6. O-O Be7 7. dxc5 Nc6 8.
c3 Bxc5 9. Re1+ Be7 10. Nbd2 O-O 11. h3 Bd6 12. Nb3 h6 13. Bc2 Bc7 14. Be3 Re8
15. Qd3 Ne7 16. Nbd4 a6 17. Rad1 Bd7 18. Bc1 Ng6 19. Rxe8+ Qxe8 20. Re1 Qf8 21.
Nf5 Re8 22. Rxe8 Qxe8 23. Qd4 Qe6 24. Be3 b6 25. a4 a5 26. b4 axb4 27. cxb4 Qc6
28. Qd3 Qc4 29. b5 Qxd3 30. Bxd3 Nf4 31. Bc2 Ne2+ 32. Kf1 Nc3 33. N3d4 Nce4 34.
Ne7+ Kf8 35. Nxd5 Nxd5 36. Bxe4 Nxe3+ 37. fxe3 Ke7 38. Bd5 f6 39. Ke2 Kd6 40.
Bb3 Kc5 41. Kd3 Be5 42. Ke4 Bc8 43. Bd5 Kd6 44. Bc6 h5 45. h4 Bg4 46. Nf5+
Bxf5+ 47. Kxf5 Bg3 48. Kg6 Bxh4 49. Kxg7 Ke7 50. Kg6 Bf2 51. e4 h4 52. Kf5 Be1
53. Bd5 Bc3 54. Bb7 Be1 55. Bc6 Bc3 56. Bb7 Be1 57. Bc6 1/2-1/2

[Event "Tradewise Gibraltar Masters 14th"]
[Site "Gibraltar"]
[Date "2016.01.29"]
[Round "4.63"]
[White "Weisbuch, Udi"]
[Black "Stark, Lars"]
[Result "1/2-1/2"]
[WhiteElo "2254"]
[BlackElo "2440"]
[PlyCount "222"]
[EventDate "2016.01.26"]
[EventType "swiss"]
[EventRounds "10"]
[EventCountry "GGB"]
[Source "www.saund.co.uk"]
[SourceDate "2005.02.07"]

1. e4 e6 2. d4 d5 3. Nd2 Nc6 4. Ngf3 Nf6 5. e5 Nd7 6. c4 Be7 7. a3 O-O 8. Bd3
f6 9. Qe2 fxe5 10. dxe5 Nc5 11. Bc2 d4 12. Bb1 a5 13. b3 Bd7 14. O-O Be8 15.
Ne1 Bg5 16. Nd3 Nxd3 17. Bxd3 Bf4 18. g3 Bxd2 19. Bxd2 Ne7 20. b4 axb4 21. Bxb4
Rc8 22. Qg4 c5 23. Bd2 Qd7 24. Bg5 Nc6 25. Rae1 Bg6 26. Bxg6 hxg6 27. Bd2 Qf7
28. f4 Qf5 29. Qxf5 gxf5 30. Rb1 Rf7 31. Rb5 Ra8 32. Rf3 Rd7 33. Rd3 Ra4 34.
Rxc5 Kf7 35. Kf2 Ke7 36. Rb3 Kd8 37. Ke2 d3+ 38. Ke3 Kc7 39. Rcb5 Kc8 40. Rxd3
Rxd3+ 41. Kxd3 Rxa3+ 42. Bc3 Ra2 43. Rb2 Ra8 44. Bb4 Ra4 45. Bd6 Na5 46. Bb4
Nc6 47. Bc3 Kc7 48. g4 fxg4 49. Rg2 Ne7 50. Rxg4 Nf5 51. Rg6 Kd7 52. Rg2 Kc6
53. Rb2 Ra3 54. Rb1 Ra2 55. Rb2 Ra3 56. Rb1 Ra2 57. Rb2 Ra8 58. Ke4 Rd8 59. Rd2
Ra8 60. Rb2 Rd8 61. Rd2 Rh8 62. Bd4 Rh4 63. Be3 Rh3 64. Re2 Kc7 65. Bd2 Rb3 66.
Re1 Kc6 67. Rg1 Rh3 68. Rg6 Kd7 69. Rg2 Ra3 70. Re2 Kc6 71. Re1 Rb3 72. Rg1 Rh3
73. Rg2 Kd7 74. Re2 Rb3 75. Rg2 Ra3 76. Re2 Kc6 77. Rg2 Ra8 78. Rg6 Kd7 79. Rg2
Rh8 80. Re2 Kc6 81. Be3 Rh3 82. Kd3 Rf3 83. Ke4 Rf1 84. Bf2 Rc1 85. Kd3 Rb1 86.
Rc2 Rb3+ 87. Rc3 Rb2 88. Rc2 Rb1 89. Ke2 Rb3 90. Bg1 Kd7 91. Bf2 Ke8 92. Bg1
Kf7 93. Bf2 Kg6 94. Rc1 Kh5 95. Rg1 Rc3 96. c5 Rb3 97. Rg5+ Kh6 98. Rg1 Kh7 99.
h4 Kh6 100. Rd1 Kh5 101. Rg1 g6 102. Rg5+ Kh6 103. Rg1 Ne7 104. Be3 Nf5 105.
Bf2 Ne7 106. Be3 Kh5 107. Rg5+ Kh6 108. Rg1 Kh5 109. Rg5+ Kxh4 110. Bd2 Kh3
111. Rg1 Kh4 1/2-1/2

[Event "Tradewise Gibraltar Masters 14th"]
[Site "Gibraltar"]
[Date "2016.01.29"]
[Round "4.64"]
[White "Kollars, Dmitrij"]
[Black "Pratyusha, Bodda"]
[Result "1/2-1/2"]
[WhiteElo "2436"]
[BlackElo "2278"]
[PlyCount "103"]
[EventDate "2016.01.26"]
[EventType "swiss"]
[EventRounds "10"]
[EventCountry "GGB"]
[Source "www.saund.co.uk"]
[SourceDate "2005.02.07"]

1. c4 c5 2. g3 g6 3. Bg2 Bg7 4. Nc3 Nc6 5. a3 e6 6. Rb1 Nge7 7. b4 cxb4 8. axb4
O-O 9. Nf3 d5 10. cxd5 Nxd5 11. Nxd5 Qxd5 12. O-O Qa2 13. Rb3 Qa4 14. b5 Na5
15. Rb1 Qxd1 16. Rxd1 Bd7 17. Bb2 Bxb2 18. Rxb2 Rac8 19. Ne5 Rfd8 20. Ra1 b6
21. Nxd7 Rxd7 22. d3 Rdc7 23. f4 Rc2 24. Rab1 Kf8 25. Kf2 Ke7 26. Ke1 Rxb2 27.
Rxb2 Rc1+ 28. Kd2 Rc5 29. e3 f6 30. Rb4 Rf5 31. h4 Rc5 32. Bf1 e5 33. fxe5 fxe5
34. Bg2 Rc8 35. Be4 Kd6 36. g4 Rf8 37. Ke2 Kc5 38. Rb2 Rf7 39. g5 Nb7 40. Bxb7
Rxb7 41. Kf3 Kd5 42. Rc2 Rb8 43. Ke2 e4 44. dxe4+ Kxe4 45. Rd2 h6 46. Rd4+ Ke5
47. gxh6 Rh8 48. Kf3 Rxh6 49. Rg4 Kf6 50. Rf4+ Kg7 51. Ra4 Rh5 52. Rxa7+
1/2-1/2

[Event "Tradewise Gibraltar Masters 14th"]
[Site "Gibraltar"]
[Date "2016.01.29"]
[Round "4.65"]
[White "Mohota, Nisha"]
[Black "Akesson, Ralf"]
[Result "0-1"]
[WhiteElo "2245"]
[BlackElo "2435"]
[PlyCount "94"]
[EventDate "2016.01.26"]
[EventType "swiss"]
[EventRounds "10"]
[EventCountry "GGB"]
[Source "www.saund.co.uk"]
[SourceDate "2005.02.07"]

1. d4 Nf6 2. c4 e6 3. g3 c5 4. d5 exd5 5. cxd5 d6 6. Nf3 g6 7. Bg2 b5 8. a4 b4
9. O-O Bg7 10. Nbd2 Ba6 11. Re1 Nbd7 12. Qb3 O-O 13. Nh4 Re8 14. Nc4 Bxc4 15.
Qxc4 Nb6 16. Qb3 a5 17. Qd1 c4 18. e4 Nfd7 19. Re2 Nc5 20. Be3 Rc8 21. f3 Qd7
22. Qf1 Qb7 23. Bh3 Rc7 24. Qd1 b3 25. Bd4 Ncxa4 26. Bxg7 Kxg7 27. Qd4+ f6 28.
g4 c3 29. g5 Rf8 30. gxf6+ Rxf6 31. Rg2 cxb2 32. Rf1 Rc1 33. Nf5+ Kf7 34. Nxd6+
Rxd6 35. Be6+ Rxe6 36. dxe6+ Kxe6 37. Rxb2 Rxf1+ 38. Kxf1 Nxb2 39. Qxb2 Nc4 40.
Qh8 b2 41. Qg8+ Kd6 42. Qxc4 b1=Q+ 43. Kg2 Q1b2+ 44. Kh1 Q7b5 45. e5+ Q2xe5 46.
Qc1 Qbe2 47. Qa3+ Qc5 0-1

[Event "Tradewise Gibraltar Masters 14th"]
[Site "Gibraltar"]
[Date "2016.01.29"]
[Round "4.66"]
[White "Tischbierek, Raj"]
[Black "Piasetski, Leon"]
[Result "1-0"]
[WhiteElo "2433"]
[BlackElo "2277"]
[PlyCount "77"]
[EventDate "2016.01.26"]
[EventType "swiss"]
[EventRounds "10"]
[EventCountry "GGB"]
[Source "www.saund.co.uk"]
[SourceDate "2005.02.07"]

1. e4 c6 2. Nc3 d5 3. Nf3 dxe4 4. Nxe4 Nf6 5. Nxf6+ gxf6 6. g3 Qd5 7. Bg2 Qe6+
8. Kf1 Bh6 9. b3 Na6 10. Ba3 O-O 11. d4 b5 12. d5 cxd5 13. Nd4 Qd7 14. Qh5 b4
15. Qxh6 bxa3 16. Re1 Nc7 17. g4 Qd6 18. Re3 f5 19. Qxd6 exd6 20. gxf5 Ba6+ 21.
Ke1 Kg7 22. Kd2 Kf6 23. Rh3 Rg8 24. Bf3 Nb5 25. Nxb5 Bxb5 26. Bxd5 Rae8 27. c4
Re5 28. Rxh7 Be8 29. Rh6+ Ke7 30. Rh5 Bd7 31. b4 Rxf5 32. Re1+ Kf6 33. Rxf5+
Bxf5 34. Re3 Rb8 35. b5 Be6 36. Bxe6 fxe6 37. Rxa3 d5 38. Rxa7 dxc4 39. a4 1-0

[Event "Tradewise Gibraltar Masters 14th"]
[Site "Gibraltar"]
[Date "2016.01.29"]
[Round "4.67"]
[White "Walton, Alan J"]
[Black "Carlsson, Pontus"]
[Result "1/2-1/2"]
[WhiteElo "2206"]
[BlackElo "2430"]
[PlyCount "171"]
[EventDate "2016.01.26"]
[EventType "swiss"]
[EventRounds "10"]
[EventCountry "GGB"]
[Source "www.saund.co.uk"]
[SourceDate "2005.02.07"]

1. d4 d5 2. c4 c6 3. Nf3 Nf6 4. e3 Bf5 5. Nbd2 e6 6. b3 Nbd7 7. Bb2 Bd6 8. Be2
Ne4 9. Nxe4 dxe4 10. Nd2 h5 11. Qc2 Nf6 12. h3 h4 13. O-O-O Qd7 14. Kb1 b5 15.
cxb5 cxb5 16. Rc1 a6 17. Qc6 Qxc6 18. Rxc6 Ke7 19. Rhc1 Nd5 20. a3 Rhb8 21. Ka2
Kd7 22. R6c2 Bg6 23. Nb1 f5 24. Nc3 Rc8 25. Nxd5 exd5 26. Rxc8 Rxc8 27. Rxc8
Kxc8 28. a4 Be8 29. axb5 axb5 30. Bc3 b4 31. Be1 g5 32. g3 g4 33. Bf1 Be7 34.
gxh4 Bxh4 35. hxg4 fxg4 36. Kb2 Be7 37. Kc2 Bd7 38. Kb2 Kc7 39. Kc2 Kb6 40. Kb2
Ka5 41. Kc2 Bd6 42. Be2 Kb6 43. Kd1 Kc7 44. Kc2 Kd8 45. Kd1 Ke7 46. Kc2 Kf6 47.
Kc1 Kg5 48. Kc2 Be8 49. Kc1 Bh5 50. Bf1 Bf7 51. Be2 Bg8 52. Kc2 Bh7 53. Kc1 Bf5
54. Kd1 Be6 55. Kc2 Bc8 56. Kc1 Bb7 57. Kc2 Bc6 58. Kc1 Be8 59. Kc2 Kh4 60. Bf1
Bg6 61. Kc1 Bf5 62. Kd1 Be6 63. Kc2 Bd7 64. Kc1 Be8 65. Kc2 Bh5 66. Kc1 Kg5 67.
Kc2 Kg6 68. Kd1 Kh6 69. Kc2 Kh7 70. Kc1 Kh8 71. Kc2 Kg7 72. Kc1 Kf6 73. Kc2 Ke7
74. Kc1 Kd8 75. Kc2 Kc7 76. Kc1 Kb6 77. Kc2 Be8 78. Be2 Bd7 79. Kd2 Ka5 80. Bd1
Kb6 81. Be2 Kc7 82. Kc2 Kd8 83. Kc1 Ke8 84. Kc2 Kf7 85. Kc1 Kg6 86. Kc2 1/2-1/2

[Event "Tradewise Gibraltar Masters 14th"]
[Site "Gibraltar"]
[Date "2016.01.29"]
[Round "4.68"]
[White "Ranaivoharisoa, Alain"]
[Black "Santiago, Yago De Moura"]
[Result "1/2-1/2"]
[WhiteElo "2160"]
[BlackElo "2422"]
[PlyCount "67"]
[EventDate "2016.01.26"]
[EventType "swiss"]
[EventRounds "10"]
[EventCountry "GGB"]
[Source "www.saund.co.uk"]
[SourceDate "2005.02.07"]

1. e4 e6 2. d4 d5 3. Nd2 Be7 4. exd5 exd5 5. Bd3 c5 6. dxc5 Bxc5 7. Ngf3 Ne7 8.
O-O O-O 9. c3 Nbc6 10. Qc2 h6 11. h3 Be6 12. Nb3 Bb6 13. Bf4 Rc8 14. Qd2 Ng6
15. Bh2 Qf6 16. Bxg6 Qxg6 17. Kh1 Rfd8 18. Nbd4 Nxd4 19. Nxd4 Bf5 20. Rad1 Bxd4
21. Qxd4 Qa6 22. a3 Rc4 23. Qe5 Be6 24. Rfe1 Qb6 25. Re2 d4 26. cxd4 Rcxd4 27.
Rxd4 Rxd4 28. Bf4 Rd5 29. Qe3 Qc6 30. Kh2 g5 31. Be5 Rd1 32. Bc3 Qd6+ 33. Be5
Qb6 34. Qxb6 1/2-1/2

[Event "Tradewise Gibraltar Masters 14th"]
[Site "Gibraltar"]
[Date "2016.01.29"]
[Round "4.69"]
[White "Vanheirzeele, Daniel"]
[Black "Docx, Stefan"]
[Result "1/2-1/2"]
[WhiteElo "2149"]
[BlackElo "2416"]
[PlyCount "84"]
[EventDate "2016.01.26"]
[EventType "swiss"]
[EventRounds "10"]
[EventCountry "GGB"]
[Source "www.saund.co.uk"]
[SourceDate "2005.02.07"]

1. d4 g6 2. c4 Bg7 3. e4 d6 4. Nc3 Nd7 5. Nf3 e6 6. Be2 Ne7 7. O-O b6 8. Bf4
Bb7 9. Qd2 h6 10. Rfe1 a6 11. h4 Nf6 12. Bf1 Ng4 13. Rad1 O-O 14. Qc1 Qe8 15.
g3 e5 16. dxe5 dxe5 17. Bd2 c6 18. Nh2 Bc8 19. Nxg4 Bxg4 20. Be2 Bxe2 21. Rxe2
Kh7 22. Be3 Rb8 23. Red2 f5 24. Rd6 Qf7 25. Rd7 f4 26. gxf4 exf4 27. Bxf4 Rbe8
28. Bg3 Qxc4 29. Qe3 c5 30. Qe2 Qxe2 31. Nxe2 Nc6 32. R1d6 Nd8 33. f3 b5 34.
Kg2 a5 35. Ra6 a4 36. Raa7 Rg8 37. Nf4 Nc6 38. Rac7 Ne5 39. Re7 Rxe7 40. Rxe7
Kh8 41. Rb7 b4 42. Nd5 Re8 1/2-1/2

[Event "Tradewise Gibraltar Masters 14th"]
[Site "Gibraltar"]
[Date "2016.01.29"]
[Round "4.70"]
[White "Nagy, Gabor"]
[Black "Cordes, Hans-Joerg"]
[Result "0-1"]
[WhiteElo "2413"]
[BlackElo "2257"]
[PlyCount "136"]
[EventDate "2016.01.26"]
[EventType "swiss"]
[EventRounds "10"]
[EventCountry "GGB"]
[Source "www.saund.co.uk"]
[SourceDate "2005.02.07"]

1. c4 e6 2. Nf3 d5 3. g3 c5 4. Bg2 Nc6 5. O-O Nf6 6. cxd5 exd5 7. d4 Be7 8. Nc3
O-O 9. dxc5 Bxc5 10. a3 Re8 11. b4 Bb6 12. Na4 Ne4 13. Bb2 Bc7 14. Rc1 Be6 15.
Nd4 Nxd4 16. Qxd4 f6 17. Qd3 Bf7 18. Rfd1 Qe7 19. Bd4 Be5 20. Qe3 Bd6 21. Qb3
Rac8 22. Nb2 b6 23. Qa4 h5 24. Nd3 Rc4 25. Rxc4 dxc4 26. Ne1 Rc8 27. Qc2 Bg6
28. Qc1 h4 29. gxh4 Qc7 30. h3 c3 31. Rd3 Bf4 32. Be3 Nd2 33. Bd5+ Kh7 34. Rxc3
Qxc3 35. Qxc3 Rxc3 36. Bxf4 Rc1 37. Bxd2 Rd1 38. h5 Bb1 39. Kg2 Rxd2 40. Bc4
Be4+ 41. f3 Bf5 42. Kf2 Kh6 43. Ke3 Rd1 44. Ng2 Ra1 45. Bf7 Rxa3+ 46. Kd4 Ra4
47. e4 Bd7 48. Ne3 Rxb4+ 49. Kc3 Ra4 50. h4 Ra1 51. f4 Rh1 52. e5 fxe5 53. fxe5
Rxh4 54. e6 Bxe6 55. Bxe6 Kxh5 56. Nf5 Rg4 57. Nd6 Ra4 58. Bd7 Ra5 59. Kb4 g5
60. Nc4 Rc5 61. Ne3 Re5 62. Nc4 Re7 63. Bh3 g4 64. Bg2 Re2 65. Bb7 g3 66. Bf3+
Kh6 67. Bxe2 g2 68. Nd6 g1=Q 0-1

[Event "Tradewise Gibraltar Masters 14th"]
[Site "Gibraltar"]
[Date "2016.01.29"]
[Round "4.71"]
[White "Satyapragyan, Swayangsu"]
[Black "Saber, Yasser"]
[Result "1-0"]
[WhiteElo "2410"]
[BlackElo "2230"]
[PlyCount "51"]
[EventDate "2016.01.26"]
[EventType "swiss"]
[EventRounds "10"]
[EventCountry "GGB"]
[Source "www.saund.co.uk"]
[SourceDate "2005.02.07"]

1. e4 d6 2. d4 Nf6 3. Nc3 e5 4. Nf3 Nbd7 5. Bc4 Be7 6. a4 O-O 7. O-O c6 8. h3
Nxe4 9. Nxe4 d5 10. Re1 dxc4 11. dxe5 Nc5 12. Nd6 Be6 13. Qd4 Na6 14. Nxb7 Qb8
15. Nd6 Nb4 16. Re2 Rd8 17. Bg5 f6 18. Bh4 Bd5 19. Nf5 Bxf3 20. Qxc4+ Nd5 21.
Nxe7+ Kh8 22. gxf3 Nxe7 23. exf6 Qxb2 24. Rae1 Nf5 25. Qxc6 h6 26. c3 1-0

[Event "Tradewise Gibraltar Masters 14th"]
[Site "Gibraltar"]
[Date "2016.01.29"]
[Round "4.72"]
[White "Spence, David J"]
[Black "Vogt, Lothar"]
[Result "1/2-1/2"]
[WhiteElo "2140"]
[BlackElo "2409"]
[PlyCount "62"]
[EventDate "2016.01.26"]
[EventType "swiss"]
[EventRounds "10"]
[EventCountry "GGB"]
[Source "www.saund.co.uk"]
[SourceDate "2005.02.07"]

1. e4 c5 2. c3 d5 3. exd5 Qxd5 4. d4 e6 5. Nf3 Nf6 6. Be3 cxd4 7. cxd4 Nc6 8.
a3 g6 9. Nc3 Qd6 10. Qd2 Bg7 11. Bc4 O-O 12. Bf4 Qd8 13. O-O Ne7 14. Bg5 Qc7
15. Rac1 Qb6 16. Qf4 Nfd5 17. Bxd5 Nxd5 18. Qh4 f6 19. Bh6 Bd7 20. Bxg7 Kxg7
21. Nxd5 exd5 22. Qf4 Bc6 23. Rfe1 Rae8 24. Rxe8 Rxe8 25. Qd2 Re4 26. h3 Qb5
27. Re1 a6 28. Nh2 Bd7 29. f3 Rxe1+ 30. Qxe1 Kf7 31. Qd2 Bf5 1/2-1/2